[Event "Steinfurt Bezirksklasse 1718"]
[Site "Germany"]
[Date "2018.04.14"]
[Round "7.5"]
[White "Sieg, Gerhard"]
[Black "Altenaehr, Johannes"]
[Result "1/2-1/2"]
[WhiteElo "1222"]
[BlackElo "1348"]
[PlyCount "59"]
[EventDate "2017.10.07"]
[EventType "team-tourn"]
[EventRounds "7"]
[EventCountry "GER"]
[SourceTitle "EXT 2019"]
[Source "ChessBase"]
[SourceDate "2018.10.10"]
[SourceVersion "1"]
[SourceVersionDate "2018.10.10"]
[SourceQuality "1"]
[WhiteTeam "Emsdetten Rochade VI"]
[BlackTeam "Rheine CC"]
[WhiteTeamCountry "GER"]
[BlackTeamCountry "GER"]

1. d4 e5 2. dxe5 Nc6 3. Nf3 Qe7 4. Bf4 Qb4+ 5. Bd2 Qxb2 6. Nc3 Bb4 7. Rb1 Qa3 8. Rb3 Qa5 9. Qa1 Bf8 10. Nb5 Nb4 11. Nfd4 c5 12. Bxb4 cxb4 13. e3 f6 14. Nd6+ Bxd6 15. exd6 Qc5 16. Bd3 Qxd6 17. Nf5 Qf8 18. Qd4 d5 19. Qxd5 Bxf5 20. Bxf5 Qe7 21. 0-0 g6 22. Be6 Nh6 23. Qc4 Nf7 24. Qb5+ Kf8 25. Bxf7 Kxf7 26. Qc4+ Kg7 27. Rxb4 Rhc8 28. Qb3 Rc7 29. c4 b6 30. a4 1/2-1/2

[Event "Steinfurt Bezirksklasse 1718"]
[Site "Germany"]
[Date "2018.01.20"]
[Round "4.6"]
[White "Sieg, Gerhard"]
[Black "Olschimke, Adrian"]
[Result "1/2-1/2"]
[WhiteElo "1222"]
[BlackElo "1129"]
[PlyCount "41"]
[EventDate "2017.10.07"]
[EventType "team-tourn"]
[EventRounds "7"]
[EventCountry "GER"]
[SourceTitle "EXT 2019"]
[Source "ChessBase"]
[SourceDate "2018.10.10"]
[SourceVersion "1"]
[SourceVersionDate "2018.10.10"]
[SourceQuality "1"]
[WhiteTeam "Emsdetten Rochade VI"]
[BlackTeam "Steinfurt IV"]
[WhiteTeamCountry "GER"]
[BlackTeamCountry "GER"]

1. d4 d5 2. c4 e6 3. Bf4 Bd6 4. e3 Bxf4 5. exf4 Nf6 6. Nc3 Qd6 7. Nh3 c5 8. dxc5 Qxc5 9. cxd5 Nxd5 10. Bb5+ Nd7 11. Bxd7+ Bxd7 12. Nxd5 exd5 13. Qe2+ Qe7 14. Qxe7+ Kxe7 15. 0-0 Bxh3 16. gxh3 Kf6 17. Rad1 Rad8 18. Rd4 Kf5 19. f3 g5 20. fxg5 Kxg5 21. Kf2 1/2-1/2

[Event "Steinfurt Bezirksklasse 1516"]
[Site "Germany"]
[Date "2015.12.05"]
[Round "4.6"]
[White "Jarvers, Hermann"]
[Black "Sieg, Gerhard"]
[Result "1-0"]
[WhiteElo "1481"]
[BlackElo "1256"]
[PlyCount "65"]
[EventDate "2015.09.05"]
[EventType "team-tourn"]
[EventRounds "9"]
[EventCountry "GER"]
[SourceTitle "EXT 2017"]
[Source "ChessBase"]
[SourceDate "2016.10.25"]
[SourceVersion "1"]
[SourceVersionDate "2016.10.25"]
[SourceQuality "1"]
[WhiteTeam "Rheine Klein Berlin III"]
[BlackTeam "Emsdetten Rochade VI"]
[WhiteTeamCountry "GER"]
[BlackTeamCountry "GER"]

1. d4 d5 2. c4 dxc4 3. Nc3 Nf6 4. Bf4 e6 5. e3 b6 6. Bxc4 Bb7 7. Nf3 Be7 8. 0-0 0-0 9. Bg5 Nbd7 10. Re1 Ne4 11. Bxe7 Qxe7 12. Nxe4 Bxe4 13. Bd3 Bb7 14. Nd2 Qg5 15. Be4 c6 16. Qf3 Rac8 17. Rac1 Nb8 18. Qh3 h6 19. f4 Qa5 20. Nc4 Qb4 21. Ne5 f5 22. Bc2 Rf6 23. Bb3 c5 24. Nd3 Qa5 25. dxc5 Be4 26. Nf2 Bb7 27. Qg3 Kh7 28. Bc2 Rxc5 29. Nd3 Rc7 30. Ne5 Be4 31. Bxe4 Rxc1 32. Rxc1 fxe4 33. Rc7 1-0